000 00448nam a2200157Ia 4500
008 210716s1984 xx 000 0 und d
020 _a946408548
041 _aeng
082 _a794.8 WHIJ
100 _aWhite, John.
245 _aWriting strategy games on your commodore 64: techniques for intelligent games.
_bTechniques for intelligent games.
250 _a1
260 _aLondon
_bSunshine Books
_c1984
300 _ax,140
650 _aNone
999 _c181859
_d181859